Nathan on negligence

Bibliographic Details
Format: Book
Language:English
Published: Kuala Lumpur : Malayan Law Journal Sdn Bhd , 1998
Subjects:

MARC

LEADER 00000cam a2200000 7i4500
001 0000008052
005 20170106.0
008 161221 my eng
020 |a 9679621154 
040 |a INS 
090 0 0 |a KPG3474   |b N38 1998 
245 0 0 |a Nathan on negligence   |c Justice Dato' RK Nathan Judge High Court of Malaya 
260 |a Kuala Lumpur :   |b Malayan Law Journal Sdn Bhd ,   |c 1998 
300 |a lx, 404p. ;   |c 25 cm. 
500 |a Includes index 
650 0 |a Negligence   |z Malaysia 
650 0 |a Torts   |z Malaysia 
999 |a 0000024162   |b BOOK   |c Open Shelf   |e Default branch